000 01516nam0a22002531 4500
001 rc\4621742
005 20250611211321.0
035 _a(NLR Aleph) 008400036
090 _a9230640
_c9230640
100 _a20130416d1964 |||y0rusy50 ca
101 0 _arus
102 _aRU
105 _ay z |||||
200 1 _aТезисы докладов и сообщений
_fГос. ком. автотракторного и с.-х. машиностроения при Госплане СССР. Центр. ордена Труд. Красного Знамени науч.-исслед. автомоб. и автомоторный ин-т. НАМИ. Науч.-техн. о-во машиностроит. пром-сти. НТО Машпром. Отраслевой науч.-техн. семинар "Неустановившиеся режимы работы быстроходных двигателей внутреннего сгорания". 26-28 дек. 1964 г.
210 _aМосква
_cБ. и.
_d[1964]
215 _a31 л.
_d30
300 _aОтпеч. множит. аппаратом
710 1 2 _a"Неустановившиеся режимы работы быстроходных двигателей внутреннего сгорания", отраслевой научно-технический семинар
_eМосква
_f1964
_9855456
_3RU\NLR\AUTH\880594988
801 0 _aRU
_bNLR
_gpsbo
801 1 _aRU
_bELAR
_2rusmarc
852 _aNLR
_j65-8/24
942 _cBOOK
980 _aNB